Statistiques concernant Villes françaises de naissance de personnes célèbres

Cliquez ici pour prendre le quiz!

Statistiques générales

  • Ce quiz a été pris 67 fois
  • Le résultat moyen est 7 sur 15

Statistiques - réponses

QuestionRéponse% Correct
Dans quelle ville est né Napoléon Bonaparte en 1769 ?Ajaccio
91%
Dans quelle ville est né Charles De Gaulle en 1890 ?Lille
70%
Dans quelle ville est né l'écrivain Victor Hugo en 1802 ?Besançon
64%
Dans quelle ville est né l'écrivain François Mauriac en 1885 ?Bordeaux
64%
Dans quelle ville est né Jacques Chirac en 1932 ?Paris
63%
Dans quelle ville est né l'écrivain Honoré de Balzac en 1799 ?Tours
58%
Dans quelle ville est né l'Abbé Pierre en 1912 ?Lyon
55%
Dans quelle ville est né le présentateur Jean-Luc Reichmann en 1960 ?Toulouse
52%
Dans quelle ville est né Louis Pasteur en 1822 ?Dole
45%
Dans quelle ville est née Simone Veil en 1927 ?Nice
34%
Dans quelle ville est né le poète Louis Aragon en 1897 ?Paris
33%
Dans quelle ville est né l'acteur Charles Vanel en 1892 ?Rennes
25%
Dans quelle ville est née l'actrice Isabelle Adjani en 1955 ?Paris
23%
Dans quelle ville est né l'écrivain Alphonse Daudet en 1840 ?Nîmes
23%
Dans quelle ville est né l'écrivain Jacques-Bénigne Bossuet en 1687 ?Dijon
19%

Distribution des résultats

Percentile par nombre de réponses

% des personnes avec chaque résultat

Votre développement - résultats

Vous n’avez pas pris ce quiz